[Event "POL-chT 2nd League"]
[Site "Wysowa"]
[Date "2003.09.13"]
[Round "10"]
[White "Panczyk, Krzysztof"]
[Black "Markiewicz, Jerzy"]
[Result "1/2-1/2"]
[WhiteElo "2345"]
[BlackElo "2316"]
[PlyCount "59"]
[EventDate "2003.09.06"]
[EventType "team-swiss"]
[EventRounds "11"]
[EventCountry "POL"]
[SourceTitle "CBM 096 Extra"]
[Source "ChessBase"]
[SourceDate "2003.10.22"]
[SourceVersion "2"]
[SourceVersionDate "2003.10.20"]
[SourceQuality "1"]
[WhiteTeam "Milanowek UKS Jedwabnik"]
[BlackTeam "Dankowice Pasjonat"]
[WhiteTeamCountry "POL"]
[BlackTeamCountry "POL"]

1. d4 Nf6 2. c4 d6 3. Nc3 Nbd7 4. e4 e5 5. Nf3 g6 6. g3 Bg7 7. Bg2 0-0 8. 0-0 c6 9. h3 Qb6 10. d5 Nc5 11. Ne1 cxd5 12. cxd5 Bd7 13. Rb1 a5 14. Be3 Rfc8 15. Nd3 Ne8 16. Qd2 Qd8 17. Nxc5 dxc5 18. a4 Nd6 19. Qe2 Qe8 20. Rfc1 b6 21. b3 f5 22. f3 Qe7 23. Nd1 Rf8 24. Bd2 f4 25. g4 h5 26. Nb2 hxg4 27. hxg4 Rab8 28. Nc4 Nxc4 29. Qxc4 Qd6 30. Kf2 1/2-1/2

[Event "POL-chT 2nd League"]
[Site "Wysowa"]
[Date "2003.09.07"]
[Round "3"]
[White "Dudzinski, Pawel"]
[Black "Panczyk, Krzysztof"]
[Result "1/2-1/2"]
[WhiteElo "2166"]
[BlackElo "2345"]
[PlyCount "78"]
[EventDate "2003.09.06"]
[EventType "team-swiss"]
[EventRounds "11"]
[EventCountry "POL"]
[SourceTitle "CBM 096 Extra"]
[Source "ChessBase"]
[SourceDate "2003.10.22"]
[SourceVersion "2"]
[SourceVersionDate "2003.10.20"]
[SourceQuality "1"]
[WhiteTeam "Ostrow Wielkopolski"]
[BlackTeam "Milanowek UKS Jedwabnik"]
[WhiteTeamCountry "POL"]
[BlackTeamCountry "POL"]

1. e4 e5 2. Nc3 Nf6 3. g3 d5 4. exd5 Nxd5 5. Bg2 Nxc3 6. bxc3 Bd6 7. Ne2 0-0 8. 0-0 Nd7 9. d3 Rb8 10. Be3 b6 11. c4 Bb7 12. Nc3 Bxg2 13. Kxg2 f5 14. f4 exf4 15. Bxf4 Bxf4 16. gxf4 Nf6 17. Qf3 Qd7 18. Rae1 Rbe8 19. Nd5 c6 20. Rxe8 Qxe8 21. Ne3 Qe6 22. h3 Re8 23. Re1 g6 24. Kf1 Qd6 25. Ng2 Rxe1+ 26. Nxe1 Nh5 27. Ng2 Qd4 28. Ke2 Kg7 29. Qe3 Qxe3+ 30. Kxe3 Kf6 31. h4 h6 32. a4 Ke6 33. Ne1 Nf6 34. Nf3 Ng4+ 35. Ke2 Kd6 36. c3 c5 37. d4 Ke6 38. Ne5 Nxe5 39. dxe5 h5 1/2-1/2

[Event "POL-chT 58th 2nd League"]
[Site "Wisla"]
[Date "2002.??.??"]
[Round "?"]
[White "Jurkiewicz, Krzysztof"]
[Black "Panczyk, Krzysztof"]
[Result "1/2-1/2"]
[WhiteElo "2320"]
[BlackElo "2333"]
[PlyCount "40"]
[EventDate "2002.08.30"]
[EventType "team-swiss"]
[EventRounds "11"]
[EventCountry "POL"]
[SourceTitle "EXT 2019"]
[Source "ChessBase"]
[SourceDate "2018.10.10"]
[SourceVersion "1"]
[SourceVersionDate "2018.10.10"]
[SourceQuality "1"]

1. c4 e6 2. d4 Nf6 3. Nc3 Bb4 4. Qc2 0-0 5. a3 Bxc3+ 6. Qxc3 d6 7. g3 Nbd7 8. Nf3 b6 9. Bg2 Bb7 10. 0-0 Rc8 11. b4 c5 12. dxc5 dxc5 13. b5 Qe7 14. Bb2 Rfe8 15. a4 a5 16. Rfd1 Rcd8 17. Ne5 Bxg2 18. Kxg2 Nxe5 19. Qxe5 Rxd1 20. Rxd1 Rd8 1/2-1/2

[Event "POL-chT 58th 2nd League"]
[Site "Wisla"]
[Date "2002.??.??"]
[Round "?"]
[White "Kasperek, Ryszard"]
[Black "Panczyk, Krzysztof"]
[Result "1/2-1/2"]
[WhiteElo "2305"]
[BlackElo "2333"]
[PlyCount "40"]
[EventDate "2002.08.30"]
[EventType "team-swiss"]
[EventRounds "11"]
[EventCountry "POL"]
[SourceTitle "EXT 2019"]
[Source "ChessBase"]
[SourceDate "2018.10.10"]
[SourceVersion "1"]
[SourceVersionDate "2018.10.10"]
[SourceQuality "1"]

1. e4 e5 2. Nf3 Nc6 3. Nc3 Nf6 4. d4 exd4 5. Nxd4 Bb4 6. Nxc6 bxc6 7. Bd3 d5 8. exd5 cxd5 9. 0-0 0-0 10. Bg5 c6 11. Na4 h6 12. Bh4 Re8 13. c4 Be6 14. Rc1 g5 15. Bg3 Ne4 16. a3 Nxg3 17. hxg3 Bf8 18. cxd5 Qxd5 19. Bc4 Qf5 20. Bd3 Qd5 1/2-1/2

[Event "POL-chT 58th 2nd League"]
[Site "Wisla"]
[Date "2002.??.??"]
[Round "?"]
[White "Panczyk, Krzysztof"]
[Black "Barwinski, Dionizy"]
[Result "0-1"]
[WhiteElo "2333"]
[BlackElo "2205"]
[PlyCount "40"]
[EventDate "2002.08.30"]
[EventType "team-swiss"]
[EventRounds "11"]
[EventCountry "POL"]
[SourceTitle "EXT 2019"]
[Source "ChessBase"]
[SourceDate "2018.10.10"]
[SourceVersion "1"]
[SourceVersionDate "2018.10.10"]
[SourceQuality "1"]

1. d4 Nf6 2. c4 e6 3. Nf3 b6 4. e3 Bb7 5. Bd3 c5 6. Nc3 d6 7. d5 exd5 8. cxd5 a6 9. e4 g6 10. 0-0 Bg7 11. a4 0-0 12. Nd2 Nbd7 13. Nc4 Ne5 14. Nxe5 dxe5 15. Be3 Qc7 16. Rc1 Rfc8 17. Nb1 Ne8 18. Na3 Bf8 19. b4 Qd8 20. bxc5 Bxc5 0-1